Crónicas literarias de Eduardo Barrios.
Uloženo v:
| Hlavní autor: | |
|---|---|
| Médium: | Kniha |
| Jazyk: | španělština |
| Vydáno: |
Valparaíso, Chile
Universitarias de Valparaíso
2004
Valparaíso, Chile Consejo Nacional del Libro y la Lectura 2004 |
| Vydání: | Primera edición |
| Témata: | |
| Tagy: |
Přidat tag
Žádné tagy, Buďte první, kdo vytvoří štítek k tomuto záznamu!
|
MARC
| LEADER | 00000nam a2200000 a 4500 | ||
|---|---|---|---|
| 001 | UCL6357 | ||
| 003 | CL-VaPUC | ||
| 005 | 20230531074357.0 | ||
| 008 | 040402e20040100cl |||||||||||||||||spa|d | ||
| 999 | |c 308469 |d 308467 | ||
| 020 | |a 9561703513 | ||
| 040 | |c Pontificia Universidad Católica de Valparaíso | ||
| 082 | 0 | 4 | |a Ch860.9 HAN 2004 |2 21 |
| 100 | 0 | |a Hancock, Joel |e autor |9 484018 | |
| 245 | 1 | 0 | |a Crónicas literarias de Eduardo Barrios. |
| 250 | |a Primera edición | ||
| 260 | 0 | 3 | |a Valparaíso, Chile |b Universitarias de Valparaíso |c 2004 |
| 260 | 0 | 3 | |a Valparaíso, Chile |b Consejo Nacional del Libro y la Lectura |c 2004 |
| 300 | |a 411 páginas | ||
| 500 | |a Obra financiada con el aporte del Consejo Nacional del Libro y la Lectura | ||
| 500 | |a El autor Joel Hancock, es profesor de Literatura Hispanoamericana de la Universidad de Utah | ||
| 583 | |a last modification |c 20171220 05:19:12 |k Rodrigo Vera | ||
| 600 | 0 | 7 | |a BARRIOS, EDUARDO |2 CL-VaPUC |9 320692 |
| 650 | 0 | |a Literatura chilena |9 308278 | |
| 650 | 0 | |a Crónicas chilenas |9 321511 | |
| 650 | 0 | |a Ensayos chilenos |9 269132 | |
| 650 | 0 | |a Archivo histórico PUCV |9 255554 | |
| 650 | 0 | |a Académicos |x Pontificia Universidad Católica de Valparaíso (PUCV) |9 255553 | |
| 942 | |c BK |2 ddc | ||
| 945 | |d 20040402 00:00:00 |a cmena | ||
| 952 | |0 0 |1 0 |2 ddc |4 0 |6 CH_860_900000000000000_HAN_2004 |7 0 |8 A |9 375016 |a BIBEDU |b BIBEDU |d 2019-11-21 |i 4001796 |o Ch860.9 HAN 2004 |p 4001796 |r 2019-11-21 |t 1 |w 2019-11-21 |y BK |k LIT | ||
| 952 | |0 0 |1 0 |2 ddc |4 0 |6 CH_860_900000000000000_HAN_2004 |7 0 |8 X |9 375017 |a FDOBUD |b FDOBUD |d 2019-11-21 |i 1083708 |o Ch860.9 HAN 2004 |p 1083708 |r 2019-11-21 |w 2019-11-21 |y BK_X |k BUD | ||
| 952 | |0 0 |1 0 |2 ddc |4 0 |6 CH_860_900000000000000_HAN_2004 |7 0 |8 A |9 596881 |a BIBGIM |b BIBGIM |d 2024-09-17 |i 5662792 |o Ch860.9 HAN 2004 |p 5662792 |r 2025-01-15 |t 2 |w 2024-09-17 |y BK |k ELE | ||